| 000 | 01151nam a22002177a 4500 | ||
|---|---|---|---|
| 999 |
_c59930 _d59930 |
||
| 003 | Ge_BSU | ||
| 005 | 20230518125449.0 | ||
| 008 | 230517s2022 ge ||||| |||| 00| 0 geo d | ||
| 020 | _a9789941342042 | ||
| 041 | _ageo | ||
| 080 | _a346.546(479.22) ც-43 | ||
| 100 |
_aცერცვაძე, გიორგი _9448 |
||
| 245 |
_aკონკურენციის სამართალი : _bევროპული მოდელი საქართველოსთვის. ტომი 2 / _cგიორგი ცერცვაძე; წინასიტყვაობის ავტორი ლადო ჭანტურია. |
||
| 264 |
_aთბილისი : _bმერიდიანი, _c2022. |
||
| 300 |
_a264 გვ. ; _b21 სმ. |
||
| 504 | _aბიბლიოგრ. გვ. 244-264 | ||
| 653 | _aსაქართველოს კონკურენციის სამართალი | ||
| 653 | _aევროპული მოდელი | ||
| 700 |
_aჭანტურია, ლადო _eწინასიტყვაობის ავტორი _918106 |
||
| 942 |
_2udc _cBK |
||